000 00493nam a22001697a 4500
005 20250122191346.0
008 250122b |||||||| |||| 00| 0 eng d
020 _a9780852975015
050 _aHG1615 GAN
100 _aGandy Anthony
245 _aBanking Strategies Beyond 2000
_cAnthony Gandy
260 _aCanterbury
_bThe Chartered Institute of Bankers
_c1999
300 _a120p.
_bill.
_c29.5 cm x 21 cm
500 _aIncludes Index
650 _2Banking and Finance
942 _2lcc
_cBK
_n0
999 _c2847
_d2847